Library of the University of Algiers 3
Ibrahim Sultan Cheibout
شعار جامعة الجزائر 3
مكتبة جامعة الجزائر 3
إبراهيم سلطان شيبوط

عقد نقل التكنولوجيا فقها وقضاءا / (رقم التسجيلة. 45734)

تفاصيل مارك
000 -LEADER
fixed length control field 00871nam a2200217Ia 4500
003 - CONTROL NUMBER IDENTIFIER
control field Ost
005 - DATE AND TIME OF LATEST TRANSACTION
control field 20260507075657.0
008 - FIXED-LENGTH DATA ELEMENTS--GENERAL INFORMATION
fixed length control field 260507s9999||||xx |||||||||||||| ||und||
040 ## - CATALOGING SOURCE
Transcribing agency fsecg
041 ## - LANGUAGE CODE
Language code of text/sound track or separate title ara
082 ## - DEWEY DECIMAL CLASSIFICATION NUMBER
Classification number 344.095
100 ## - MAIN ENTRY--PERSONAL NAME
Personal name سيد أحمد، ابراهيم
Relator term مؤلف
245 #0 - TITLE STATEMENT
Title عقد نقل التكنولوجيا فقها وقضاءا /
Statement of responsibility, etc. ابراهيم سيد أحمد
260 ## - PUBLICATION, DISTRIBUTION, ETC.
Place of publication, distribution, etc. الاسكندرية:
Name of publisher, distributor, etc. المكتب الجامعي الحديث,
Date of publication, distribution, etc. 2004
300 ## - PHYSICAL DESCRIPTION
Extent 120 صفحة؛
Other physical details إيضاحات ؛
Dimensions 24 سم
490 ## - SERIES STATEMENT
Series statement سلسلة العقود التجارية المسماة (2)
520 ## - SUMMARY, ETC.
Summary, etc. أحكام وقواعد نقل التكنولوجيا، المبادئ القضائية.
653 ## - INDEX TERM--UNCONTROLLED
Uncontrolled term العقود- قوانين وتشريعات
653 ## - INDEX TERM--UNCONTROLLED
Uncontrolled term قوانين و تشريعات- تكنولوجيا
942 ## - ADDED ENTRY ELEMENTS (KOHA)
Koha item type كتب

لا توجد مواد متاحة.

موارد الويب المفتوحة


© University of Algiers 3 All Rights Reserved
|
Implemented by LECHELAH Riad